[Event "Zonal 2.3"]
[Site "Santo Domingo DOM"]
[Date "2007.06.04"]
[Round "6.6"]
[White "Boada, Winston"]
[Black "De los Santos, Eddy"]
[Result "1-0"]
[WhiteElo "2185"]
[BlackElo "2174"]
[PlyCount "140"]
[EventDate "2007.05.30"]
[EventType "tourn"]
[EventRounds "13"]
[EventCountry "DOM"]
[Source "lmi"]
[SourceDate "2007.05.30"]

1. e4 e5 2. Nf3 Nc6 3. Nc3 Nf6 4. g3 d5 5. exd5 Nxd5 6. Bg2 Nxc3 7. bxc3 Bc5 8.
Qe2 O-O 9. O-O Re8 10. d3 Bg4 11. Qe4 Bh5 12. Ng5 Bg6 13. Qc4 Bb6 14. Ne4 Na5
15. Qa4 c5 16. Ba3 Rc8 17. c4 Re7 18. Qb5 f5 19. Nc3 Be8 20. Qb2 Bc6 21. Nd5
Bxd5 22. Bxd5+ Kh8 23. Rae1 Qe8 24. Re2 Nc6 25. c3 Qd7 26. Rfe1 Rce8 27. Qb5
Qd6 28. Kf1 h6 29. Qa4 Qg6 30. Qb5 Qd6 31. Re3 Kh7 32. R1e2 g5 33. Qb1 Kg6 34.
Kg1 Kf6 35. Qf1 f4 36. Re4 Qd7 37. Bc1 Nd8 38. Qg2 Nf7 39. gxf4 exf4 40. Qf3
Rxe4 41. Rxe4 Rxe4 42. Bxe4 Nd6 43. Bd5 Qe7 44. Bd2 Kg6 45. Kf1 Qg7 46. h4 Qd7
47. hxg5 hxg5 48. Ke2 Bd8 49. Qh1 Bf6 50. Bf3 Kg7 51. Qg2 Kf8 52. Bd5 b6 53.
Qh1 Kg7 54. Qh5 Qe8+ 55. Qxe8 Nxe8 56. Kd1 Nd6 57. Bf3 Be5 58. Kc2 Kf6 59. Bg4
Nf5 60. Kd1 Nh6 61. f3 Nxg4 62. fxg4 f3 63. Ke1 Bg3+ 64. Kf1 Bh4 65. d4 cxd4
66. cxd4 Bg3 67. Be1 Bf4 68. Kf2 a6 69. a4 Ke6 70. Kxf3 Kd6 1-0

[Event "Zonal 2.3"]
[Site "Santo Domingo DOM"]
[Date "2007.06.04"]
[Round "6.7"]
[White "Leon Hoyos, Manuel"]
[Black "Vittorino, Carlo"]
[Result "0-1"]
[WhiteElo "2454"]
[BlackElo "2206"]
[PlyCount "114"]
[EventDate "2007.05.30"]
[EventType "tourn"]
[EventRounds "13"]
[EventCountry "DOM"]
[Source "lmi"]
[SourceDate "2007.05.30"]

1. e4 e5 2. Nf3 Nc6 3. Bb5 a6 4. Ba4 d6 5. Bxc6+ bxc6 6. d4 f6 7. Be3 Ne7 8. h4
Bg4 9. Nc3 Qb8 10. Qd3 Qb7 11. O-O-O g6 12. Qc4 Rb8 13. b3 Qb4 14. Qd3 Bg7 15.
dxe5 fxe5 16. Bg5 a5 17. a4 h6 18. Bxe7 Kxe7 19. h5 g5 20. Rde1 Rhf8 21. Ref1
Qa3+ 22. Kb1 Rxf3 23. gxf3 Be6 24. Qd2 Bxb3 25. cxb3 Rxb3+ 26. Kc2 Rb2+ 27. Kd3
Rxd2+ 28. Kxd2 Qb2+ 29. Kd3 d5 30. exd5 e4+ 31. Nxe4 Qd4+ 32. Ke2 Qc4+ 33. Kd1
Qxa4+ 34. Kc1 Qa3+ 35. Kc2 Qb2+ 36. Kd3 Qb3+ 37. Ke2 Qc4+ 38. Kd1 Qd3+ 39. Kc1
cxd5 40. Nd2 Kf7 41. Re1 Bd4 42. Nb1 Bxf2 43. Rd1 Qb3 44. Kd2 Qb2+ 45. Kd3 Qb3+
46. Kd2 c5 47. Rc1 Be3+ 48. Ke2 Bxc1 49. Rxc1 Qb2+ 50. Kd1 c4 51. Nc3 d4 52.
Ne4 c3 53. Nd6+ Ke6 54. Ne4 a4 55. Rc2 Qb1+ 56. Rc1 Qd3+ 57. Ke1 Qe3+ 0-1

[Event "Zonal 2.3"]
[Site "Santo Domingo DOM"]
[Date "2007.06.05"]
[Round "7.2"]
[White "De los Santos, Eddy"]
[Black "Leon Hoyos, Manuel"]
[Result "0-1"]
[WhiteElo "2174"]
[BlackElo "2454"]
[PlyCount "60"]
[EventDate "2007.05.30"]
[EventType "tourn"]
[EventRounds "13"]
[EventCountry "DOM"]
[Source "lmi"]
[SourceDate "2007.05.30"]

1. c4 g6 2. Nc3 Bg7 3. g3 Nf6 4. Bg2 O-O 5. Nf3 d6 6. O-O Nc6 7. a3 e5 8. d3
Nh5 9. e4 f5 10. exf5 Bxf5 11. Ng5 Qd7 12. Be3 h6 13. Nge4 Nd4 14. Bxd4 exd4
15. Nb1 c6 16. c5 d5 17. Nd6 Bg4 18. f3 Be6 19. f4 Nf6 20. Bf3 Ng4 21. Bxg4
Bxg4 22. Qe1 a5 23. Nd2 a4 24. Nf3 Bxf3 25. Rxf3 b6 26. Qb4 bxc5 27. Qxc5 Rfd8
28. Re1 Bf8 29. Qxd4 Qxd6 30. Qf2 Bg7 0-1

[Event "Zonal 2.3"]
[Site "Santo Domingo DOM"]
[Date "2007.06.05"]
[Round "7.3"]
[White "Valdes, Leonardo"]
[Black "Boada, Winston"]
[Result "0-1"]
[WhiteElo "2401"]
[BlackElo "2185"]
[PlyCount "146"]
[EventDate "2007.05.30"]
[EventType "tourn"]
[EventRounds "13"]
[EventCountry "DOM"]
[Source "lmi"]
[SourceDate "2007.05.30"]

1. Nf3 c5 2. g3 g6 3. Bg2 Bg7 4. O-O Nc6 5. d3 e6 6. e4 d6 7. Nbd2 Nge7 8. Re1
O-O 9. a4 b6 10. h4 h6 11. Nc4 Ba6 12. Ne3 Rc8 13. Ng4 Kh7 14. c3 Ne5 15. Ngxe5
dxe5 16. Bf1 Nc6 17. Qc2 Qd6 18. Nd2 f5 19. Nc4 Qe7 20. Qe2 f4 21. Qg4 h5 22.
Qh3 Bf6 23. Be2 Rcd8 24. Rd1 Rd7 25. Bd2 f3 26. Bxf3 Rxd3 27. Ne3 Bg7 28. Be2
Rxe3 29. Bxa6 Ref3 30. Be1 Na5 31. Be2 R3f7 32. Rab1 c4 33. Qg2 Bh6 34. f3 Qc5+
35. Bf2 Be3 36. Bxe3 Qxe3+ 37. Qf2 Qxe4 38. fxe4 Rxf2 39. Rf1 Rxf1+ 40. Rxf1
Rxf1+ 41. Bxf1 Kg7 42. Kf2 Kf6 43. Ke3 a6 44. Be2 b5 45. axb5 axb5 46. Bd1 Ke7
47. Bc2 Kd6 48. Bd1 Kc6 49. Kf3 Kd6 50. Ke3 Ke7 51. Bc2 Kf6 52. Bd1 Kg7 53. Kd2
Kh6 54. Kc1 g5 55. Kb1 g4 56. Ka2 Nc6 57. Ka3 Kg6 58. Be2 Kf6 59. b3 b4+ 60.
cxb4 c3 61. b5 Nd4 62. Bd3 Ke7 63. Kb4 c2 64. Bxc2 Nxc2+ 65. Kc5 Kd7 66. b6 Nd4
67. b7 Kc7 68. b8=Q+ Kxb8 69. Kd6 Ne2 70. Kxe6 Nxg3 71. Kxe5 Ne2 72. Kd6 g3 73.
e5 Nf4 0-1

[Event "Zonal 2.3"]
[Site "Santo Domingo DOM"]
[Date "2007.06.05"]
[Round "7.7"]
[White "Iturrizaga, Eduardo"]
[Black "Mendoza, Rafael"]
[Result "1-0"]
[WhiteElo "2398"]
[BlackElo "2390"]
[PlyCount "97"]
[EventDate "2007.05.30"]
[EventType "tourn"]
[EventRounds "13"]
[EventCountry "DOM"]
[Source "lmi"]
[SourceDate "2007.05.30"]

1. Nf3 f5 2. g3 d5 3. Bg2 e6 4. O-O Nf6 5. d3 Be7 6. Nbd2 O-O 7. Re1 Nc6 8. c4
d4 9. Nb3 a5 10. e3 dxe3 11. Bxe3 e5 12. Bc5 Bd6 13. Bxd6 cxd6 14. c5 a4 15.
Nbd2 dxc5 16. Nxe5 Nxe5 17. Rxe5 Qxd3 18. Nf3 Qxd1+ 19. Rxd1 a3 20. b3 b6 21.
Nd2 Rb8 22. Nc4 g6 23. Re7 Ba6 24. Ra7 Bxc4 25. bxc4 Rbd8 26. Rb1 Rd6 27. Rxa3
Re8 28. Ra6 Nd7 29. a4 Rb8 30. a5 Kf8 31. Bd5 Ke8 32. Kg2 Rd8 33. h4 Rf6 34.
Re1+ Kf8 35. axb6 Rxb6 36. Ra7 Rd6 37. Kf3 Re8 38. Rxe8+ Kxe8 39. Kf4 Kf8 40.
f3 Kg7 41. g4 fxg4 42. fxg4 h6 43. Bc6 Rf6+ 44. Ke4 Rxc6 45. Rxd7+ Kf6 46. Kd5
Rc8 47. Rd6+ Kg7 48. h5 gxh5 49. gxh5 1-0

[Event "Zonal 2.3"]
[Site "Santo Domingo DOM"]
[Date "2007.06.06"]
[Round "8.2"]
[White "Dominguez, Jose Manuel"]
[Black "Iturrizaga, Eduardo"]
[Result "0-1"]
[WhiteElo "2330"]
[BlackElo "2398"]
[PlyCount "64"]
[EventDate "2007.05.30"]
[EventType "tourn"]
[EventRounds "13"]
[EventCountry "DOM"]
[Source "lmi"]
[SourceDate "2007.05.30"]

1. Nf3 c5 2. c3 Nf6 3. d4 e6 4. Bf4 d5 5. e3 Nc6 6. Bd3 Bd6 7. Ne5 Qc7 8. Nxc6
bxc6 9. Bg3 Rb8 10. b3 e5 11. dxc5 Bxc5 12. O-O Bg4 13. Qc2 Nh5 14. Bh4 e4 15.
Be2 f5 16. Bxg4 fxg4 17. c4 Bd6 18. Bg3 Nxg3 19. fxg3 Be5 20. Nc3 h5 21. Rad1
Rd8 22. Ne2 Qb6 23. Nd4 Bf6 24. Ne6 Qxe3+ 25. Kh1 h4 26. gxh4 Rxh4 27. g3 Qxg3
28. cxd5 Rd6 29. Nc5 Be5 30. Rd2 Rdh6 31. Rff2 Rxh2+ 32. Rxh2 Qe1+ 0-1

[Event "Zonal 2.3"]
[Site "Santo Domingo DOM"]
[Date "2007.06.06"]
[Round "8.4"]
[White "Gonzalez Zamora, Juan C"]
[Black "Gonzalez, Bernal"]
[Result "1-0"]
[WhiteElo "2537"]
[BlackElo "2434"]
[PlyCount "53"]
[EventDate "2007.05.30"]
[EventType "tourn"]
[EventRounds "13"]
[EventCountry "DOM"]
[Source "lmi"]
[SourceDate "2007.05.30"]

1. d4 d5 2. Nf3 Nf6 3. c4 c6 4. e3 Bf5 5. Nc3 e6 6. Nh4 Be4 7. Qb3 Qb6 8. c5
Qc7 9. f3 Bg6 10. g4 Nbd7 11. Bd2 b6 12. cxb6 axb6 13. O-O-O c5 14. Nxg6 c4 15.
Qc2 hxg6 16. e4 dxe4 17. fxe4 Nxg4 18. Nb5 Qc6 19. Bxc4 Nf2 20. d5 Qc8 21. dxe6
fxe6 22. Bf4 e5 23. Bg5 Nf6 24. Nc7+ Ke7 25. Be6 Nxd1 26. Bxc8 Rxc8 27. Rxd1
1-0

[Event "Zonal 2.3"]
[Site "Santo Domingo DOM"]
[Date "2007.06.06"]
[Round "8.5"]
[White "Boada, Winston"]
[Black "Farley, Terry"]
[Result "1-0"]
[WhiteElo "2185"]
[BlackElo "2244"]
[PlyCount "87"]
[EventDate "2007.05.30"]
[EventType "tourn"]
[EventRounds "13"]
[EventCountry "DOM"]
[Source "lmi"]
[SourceDate "2007.05.30"]

1. d4 Nf6 2. c4 g6 3. Nc3 Bg7 4. e4 d6 5. Be2 O-O 6. Bg5 Na6 7. Qd2 e5 8. d5
Nc5 9. f3 h6 10. Be3 Nh5 11. O-O-O Kh7 12. g4 Nf4 13. h4 a6 14. Bf1 Qe7 15. h5
g5 16. b4 Nd7 17. Kb2 b5 18. cxb5 axb5 19. Nxb5 Nb6 20. Rc1 c5 21. dxc6 Be6 22.
Qxd6 Na4+ 23. Kb1 Qf6 24. c7 Rfc8 25. Bc4 Bf8 26. Qc6 Bxb4 27. Na7 Nc3+ 28.
Rxc3 Bxc3 29. Nxc8 Bxc4 30. Qxc4 Ba5 31. Qc5 Qa6 32. Bxf4 Qb7+ 33. Ka1 Bxc7 34.
Qc4 exf4 35. Qxf7+ Kh8 36. Qf6+ Kh7 37. Qg6+ Kh8 38. Qxh6+ Kg8 39. Qg6+ Kh8 40.
Qh6+ Kg8 41. Qe6+ Kh8 42. Ne7 Rxa2+ 43. Kxa2 Qa7+ 44. Kb1 1-0

[Event "Zonal 2.3"]
[Site "Santo Domingo DOM"]
[Date "2007.06.06"]
[Round "8.6"]
[White "Leon Hoyos, Manuel"]
[Black "Valdes, Leonardo"]
[Result "1/2-1/2"]
[WhiteElo "2454"]
[BlackElo "2401"]
[PlyCount "157"]
[EventDate "2007.05.30"]
[EventType "tourn"]
[EventRounds "13"]
[EventCountry "DOM"]
[Source "lmi"]
[SourceDate "2007.05.30"]

1. e4 d6 2. d4 Nf6 3. Nc3 g6 4. Be3 c6 5. h3 Bg7 6. g4 Qa5 7. Bg2 Be6 8. Nge2
Bc4 9. g5 Ng8 10. Nc1 Nd7 11. Nb3 Qc7 12. Qf3 h6 13. h4 hxg5 14. hxg5 Rxh1+ 15.
Bxh1 e5 16. O-O-O Bxb3 17. axb3 exd4 18. Bxd4 Bxd4 19. Rxd4 Nc5 20. Bg2 Qe7 21.
Qg3 Ne6 22. Rxd6 Qxg5+ 23. Qxg5 Nxg5 24. Rd4 Ne7 25. e5 Nf5 26. Rg4 Ne6 27. b4
O-O-O 28. Ne4 Kc7 29. c3 Rh8 30. Kd2 Rh2 31. Bf1 Nh6 32. Rg3 Rh5 33. Nf6 Rxe5
34. Rd3 Nf8 35. Bh3 Nf5 36. Bxf5 gxf5 37. Rg3 Re6 38. Rg8 Rxf6 39. Rxf8 f4 40.
f3 Rd6+ 41. Ke2 Rd7 42. Re8 Kd6 43. Re4 f5 44. Rd4+ Ke6 45. Rxf4 Rh7 46. Kd3
Rh2 47. b3 Rf2 48. Kd4 Rd2+ 49. Ke3 Rc2 50. Kd3 Rf2 51. Ke3 Rc2 52. Rc4 Rb2 53.
Rh4 Rxb3 54. Kd4 Kf6 55. Rh7 a5 56. Rxb7 axb4 57. cxb4 Rxf3 58. Rb6 Ke7 59.
Rxc6 Kd7 60. Rf6 Kc7 61. Kc5 Rc3+ 62. Kb5 Kb8 63. Kb6 Rc8 64. Rxf5 Rh8 65. Rf6
Rg8 66. Kc6 Rh8 67. Re6 Rg8 68. b5 Rh8 69. Kb6 Rg8 70. Ka6 Rh8 71. Rc6 Rg8 72.
Rb6+ Ka8 73. Rb7 Rg6+ 74. Rb6 Rg8 75. Rc6 Kb8 76. b6 Rh8 77. b7 Rg8 78. Kb6 Rh8
79. Rc8+ 1/2-1/2

[Event "Zonal 2.3"]
[Site "Santo Domingo DOM"]
[Date "2007.06.06"]
[Round "8.7"]
[White "Vittorino, Carlo"]
[Black "De los Santos, Eddy"]
[Result "1-0"]
[WhiteElo "2206"]
[BlackElo "2174"]
[PlyCount "83"]
[EventDate "2007.05.30"]
[EventType "tourn"]
[EventRounds "13"]
[EventCountry "DOM"]
[Source "lmi"]
[SourceDate "2007.05.30"]

1. e4 c5 2. Nc3 a6 3. g3 d6 4. Bg2 Nf6 5. d3 g6 6. f4 Bg7 7. Nf3 Bg4 8. h3 Bxf3
9. Bxf3 Nc6 10. O-O Qd7 11. Bg2 O-O 12. g4 Ne8 13. f5 b5 14. Nd5 Rb8 15. a3
Bd4+ 16. Kh1 e6 17. c3 Be5 18. Nf4 gxf5 19. gxf5 Kh8 20. fxe6 Qe7 21. exf7 Rxf7
22. Qh5 Qf6 23. Be3 Ng7 24. Qg4 Rbf8 25. Ne2 Qe6 26. Rxf7 Rxf7 27. d4 cxd4 28.
cxd4 Qxg4 29. hxg4 Bf6 30. e5 Nxe5 31. dxe5 Bxe5 32. Rc1 Rf8 33. Bd4 Ne6 34.
Bxe5+ dxe5 35. Rc6 Rf2 36. Rxe6 Rxe2 37. b4 Re3 38. Rxa6 Rg3 39. Kh2 Rxg4 40.
Rb6 Kg7 41. Rxb5 Kf6 42. a4 1-0

[Event "Zonal 2.3"]
[Site "Santo Domingo DOM"]
[Date "2007.06.07"]
[Round "9.2"]
[White "Valdes, Leonardo"]
[Black "Vittorino, Carlo"]
[Result "1/2-1/2"]
[WhiteElo "2401"]
[BlackElo "2206"]
[PlyCount "56"]
[EventDate "2007.05.30"]
[EventType "tourn"]
[EventRounds "13"]
[EventCountry "DOM"]
[Source "lmi"]
[SourceDate "2007.05.30"]

1. Nf3 Nc6 2. c4 e5 3. Nc3 Nf6 4. g3 Bb4 5. Nd5 e4 6. Nh4 O-O 7. Bg2 Re8 8. O-O
d6 9. Nxb4 Nxb4 10. a3 Nc6 11. d3 Ne5 12. dxe4 Nxc4 13. Qc2 Ne5 14. Bg5 Nc6 15.
Rfd1 h6 16. Bxf6 Qxf6 17. Nf3 Bg4 18. b4 Re7 19. b5 Bxf3 20. bxc6 Bxg2 21. cxb7
Rb8 22. Kxg2 Rxb7 23. Rab1 Rb6 24. f3 Qg5 25. Rd5 Qe3 26. Rd3 Qg5 27. Rd5 Qe3
28. Rd3 Qg5 1/2-1/2

[Event "Zonal 2.3"]
[Site "Santo Domingo DOM"]
[Date "2007.06.07"]
[Round "9.3"]
[White "Farley, Terry"]
[Black "Leon Hoyos, Manuel"]
[Result "0-1"]
[WhiteElo "2244"]
[BlackElo "2454"]
[PlyCount "108"]
[EventDate "2007.05.30"]
[EventType "tourn"]
[EventRounds "13"]
[EventCountry "DOM"]
[Source "lmi"]
[SourceDate "2007.05.30"]

1. c4 Nf6 2. Nc3 c5 3. g3 g6 4. Bg2 Bg7 5. e4 Nc6 6. Nge2 O-O 7. O-O Ne8 8. a3
Nc7 9. Rb1 a5 10. d3 Ne6 11. Nb5 d6 12. b3 Bd7 13. Bb2 Ne5 14. Nbc3 Nc6 15. Nb5
Ne5 16. Nbc3 Bc6 17. h3 f5 18. Nd5 Bd7 19. exf5 Rxf5 20. f4 Nc6 21. Bxg7 Kxg7
22. b4 Rb8 23. Qd2 axb4 24. axb4 Ned4 25. b5 Nxe2+ 26. Qxe2 Nd4 27. Qxe7+ Qxe7
28. Nxe7 Rf7 29. Rfe1 Nc2 30. Re2 Nd4 31. Ree1 h5 32. Nd5 h4 33. g4 Be6 34. Ra1
Bxd5 35. Bxd5 Rxf4 36. Re7+ Kh6 37. Rf1 Rxf1+ 38. Kxf1 b6 39. Rd7 Rf8+ 40. Kg2
Rf6 41. Rb7 Nc2 42. Be4 Kg5 43. Rxb6 Ne3+ 44. Kg1 Rf1+ 45. Kh2 Kf4 46. Ra6 Rf2+
47. Kg1 Rb2 48. Ra1 Kg3 49. Re1 Nc2 50. Rf1 Nd4 51. Re1 Kxh3 52. Re3+ Kxg4 53.
Bxg6 Nf3+ 54. Kf1 Kg3 0-1

[Event "Zonal 2.3"]
[Site "Santo Domingo DOM"]
[Date "2007.06.07"]
[Round "9.4"]
[White "Gonzalez, Bernal"]
[Black "Boada, Winston"]
[Result "1-0"]
[WhiteElo "2434"]
[BlackElo "2185"]
[PlyCount "87"]
[EventDate "2007.05.30"]
[EventType "tourn"]
[EventRounds "13"]
[EventCountry "DOM"]
[Source "lmi"]
[SourceDate "2007.05.30"]

1. e4 d6 2. Nc3 g6 3. g3 Bg7 4. Bg2 Nf6 5. d3 O-O 6. f4 c5 7. h3 Nc6 8. Nf3 Ne8
9. O-O Nc7 10. g4 e6 11. f5 exf5 12. gxf5 gxf5 13. Bg5 f6 14. Bf4 Ne5 15. Nh4
fxe4 16. dxe4 Be6 17. Nf5 Ne8 18. Kh1 Kh8 19. Qh5 Bf7 20. Qh4 Rg8 21. Rad1 Ng6
22. Qg3 Nxf4 23. Qxf4 Qb6 24. b3 Bf8 25. Nd5 Qd8 26. Bf3 Bg6 27. Be2 Nc7 28.
Bc4 Ne6 29. Qh4 Ng5 30. Nf4 Qe8 31. Bxg8 Qxe4+ 32. Ng2 Bxf5 33. Bd5 Qxc2 34.
Qf4 Ne4 35. Ne3 Bh6 36. Nxc2 Bxf4 37. Rxf4 Ng3+ 38. Kh2 Bxc2 39. Rd2 Nh5 40.
Ra4 Bg6 41. Bxb7 Rd8 42. Rxa7 Nf4 43. Ra8 Rxa8 44. Bxa8 1-0

[Event "Zonal 2.3"]
[Site "Santo Domingo DOM"]
[Date "2007.06.07"]
[Round "10.3"]
[White "Gonzalez Zamora, Juan C"]
[Black "Iturrizaga, Eduardo"]
[Result "1/2-1/2"]
[WhiteElo "2537"]
[BlackElo "2398"]
[PlyCount "100"]
[EventDate "2007.05.30"]
[EventType "tourn"]
[EventRounds "13"]
[EventCountry "DOM"]
[Source "lmi"]
[SourceDate "2007.05.30"]

1. d4 Nf6 2. Nf3 e6 3. Bg5 c5 4. c3 Qb6 5. Qb3 Ne4 6. Qxb6 axb6 7. e3 Nxg5 8.
Nxg5 d5 9. Bb5+ Bd7 10. Bxd7+ Nxd7 11. Nd2 Be7 12. h4 O-O 13. Ke2 Rfe8 14. a3
e5 15. dxe5 Nxe5 16. Ngf3 Nc6 17. Rad1 d4 18. cxd4 cxd4 19. e4 b5 20. Kd3 Ra4
21. Rc1 b4 22. axb4 Nxb4+ 23. Ke2 Ra2 24. Rc7 b6 25. Rb1 Bc5 26. Kf1 Nd3 27.
Nb3 h6 28. e5 Ra4 29. Rd7 Nxe5 30. Re1 Nxd7 31. Rxe8+ Kh7 32. Rd8 Rb4 33. Nbxd4
Bxd4 34. Rxd7 Bxb2 35. Rxf7 Bf6 36. g3 Kg6 37. Rb7 Kf5 38. Kg2 Rb2 39. h5 Kg4
40. Ne1 Rb3 41. Rd7 Kxh5 42. Nd3 Kg5 43. Nf4 Rb2 44. Rd5+ Kg4 45. Nd3 Re2 46.
Rb5 Rd2 47. Rd5 Bg5 48. Ne5+ Kf5 49. Rb5 Ke4 50. Nc4 Rd8 1/2-1/2

[Event "Zonal 2.3"]
[Site "Santo Domingo DOM"]
[Date "2007.06.07"]
[Round "10.4"]
[White "Boada, Winston"]
[Black "Bruzon Batista, Lazaro"]
[Result "0-1"]
[WhiteElo "2185"]
[BlackElo "2620"]
[PlyCount "76"]
[EventDate "2007.05.30"]
[EventType "tourn"]
[EventRounds "13"]
[EventCountry "DOM"]
[Source "lmi"]
[SourceDate "2007.05.30"]

1. d4 Nf6 2. c4 e6 3. Nf3 d5 4. g3 dxc4 5. Bg2 Nc6 6. Qa4 Nd7 7. Qxc4 Nb6 8.
Qd3 e5 9. O-O exd4 10. Rd1 Be7 11. Nxd4 Nxd4 12. Qxd4 Qxd4 13. Rxd4 O-O 14. Nc3
c6 15. Bf4 Be6 16. Bd6 Rfd8 17. Rad1 Rxd6 18. Rxd6 Bxd6 19. Rxd6 Kf8 20. Rd1 a5
21. e4 Ke7 22. Bf1 Nd7 23. f4 f6 24. Kf2 b5 25. Bg2 Rc8 26. b3 Nb6 27. Rc1 b4
28. Nb1 c5 29. Bf1 c4 30. bxc4 Bxc4 31. Bxc4 Rxc4 32. Rxc4 Nxc4 33. Ke2 Kd6 34.
g4 a4 35. h4 h6 36. g5 hxg5 37. hxg5 fxg5 38. fxg5 g6 0-1

[Event "Zonal 2.3"]
[Site "Santo Domingo DOM"]
[Date "2007.06.07"]
[Round "10.5"]
[White "Leon Hoyos, Manuel"]
[Black "Gonzalez, Bernal"]
[Result "1-0"]
[WhiteElo "2454"]
[BlackElo "2434"]
[PlyCount "101"]
[EventDate "2007.05.30"]
[EventType "tourn"]
[EventRounds "13"]
[EventCountry "DOM"]
[Source "lmi"]
[SourceDate "2007.05.30"]

1. e4 c5 2. Nf3 Nc6 3. d4 cxd4 4. Nxd4 g6 5. Nc3 Bg7 6. Be3 Nf6 7. Bc4 Qa5 8.
O-O O-O 9. Bb3 d6 10. h3 Bd7 11. Qe1 Rfe8 12. Rd1 Nxd4 13. Bxd4 Bc6 14. f4 Nd7
15. Bxg7 Kxg7 16. e5 dxe5 17. fxe5 f6 18. exf6+ exf6 19. Qh4 Qe5 20. Nd5 Rad8
21. Rfe1 Qd6 22. Nf4 Rxe1+ 23. Rxe1 Nc5 24. Re6 Qf8 25. Qg3 Kh8 26. Qh4 Kg7 27.
Qf2 Re8 28. Rxe8 Bxe8 29. Kh1 Bd7 30. Bd5 Qd6 31. b4 Ne6 32. Bxe6 Bxe6 33. Qd4
Qd7 34. Qxa7 Bf7 35. Nd3 Bd5 36. Kg1 Qc6 37. Qc5 Bxa2 38. Qe7+ Bf7 39. Nc5 b6
40. Nd7 g5 41. c4 h5 42. b5 Qe6 43. Qxe6 Bxe6 44. Nxb6 Kf7 45. c5 Ke7 46. Kf2
h4 47. Ke3 Bf7 48. Ke4 Be8 49. Nd5+ Kd8 50. c6 Bg6+ 51. Kd4 1-0

[Event "Zonal 2.3"]
[Site "Santo Domingo DOM"]
[Date "2007.06.07"]
[Round "10.6"]
[White "Vittorino, Carlo"]
[Black "Farley, Terry"]
[Result "1-0"]
[WhiteElo "2206"]
[BlackElo "2244"]
[PlyCount "120"]
[EventDate "2007.05.30"]
[EventType "tourn"]
[EventRounds "13"]
[EventCountry "DOM"]
[Source "lmi"]
[SourceDate "2007.05.30"]

1. e4 c5 2. Nc3 d6 3. f4 e6 4. Nf3 Nf6 5. g3 Be7 6. Bg2 O-O 7. O-O Nc6 8. d3 a6
9. h3 Bd7 10. g4 Rc8 11. g5 Ne8 12. Be3 g6 13. Ne2 Ng7 14. Ng3 f6 15. e5 fxe5
16. fxe5 d5 17. Qd2 Nf5 18. Bf4 Ncd4 19. Nxf5 Rxf5 20. Nxd4 cxd4 21. h4 Qb6 22.
Bh3 Rf7 23. b3 Qc7 24. Rf2 Bf8 25. Qe2 Bg7 26. Raf1 Rcf8 27. h5 Rxf4 28. Rxf4
Rxf4 29. Rxf4 Qxe5 30. Qxe5 Bxe5 31. Rf2 Bg3 32. Rf6 gxh5 33. Bxe6+ Bxe6 34.
Rxe6 Bf4 35. Rb6 Bxg5 36. Rxb7 a5 37. b4 axb4 38. Rxb4 Kf7 39. Kf2 Ke6 40. Rxd4
Bf6 41. Ra4 Bc3 42. Ra6+ Ke5 43. Kf3 h4 44. Rh6 Be1 45. Ke3 d4+ 46. Ke2 Bg3 47.
Kf3 Kd5 48. Rxh7 Kc5 49. Ke4 Bf2 50. a3 Kb5 51. Rf7 Bg1 52. Rf1 Be3 53. Rh1 Bf2
54. Rf1 Be3 55. c4+ Kc6 56. a4 Kc5 57. a5 Kc6 58. Rf7 h3 59. Rh7 Bd2 60. a6 h2
1-0

[Event "Zonal 2.3"]
[Site "Santo Domingo DOM"]
[Date "2007.06.07"]
[Round "10.7"]
[White "De los Santos, Eddy"]
[Black "Valdes, Leonardo"]
[Result "1-0"]
[WhiteElo "2174"]
[BlackElo "2401"]
[PlyCount "169"]
[EventDate "2007.05.30"]
[EventType "tourn"]
[EventRounds "13"]
[EventCountry "DOM"]
[Source "lmi"]
[SourceDate "2007.05.30"]

1. e4 d6 2. d4 Nf6 3. Nc3 g6 4. Nf3 Bg7 5. Bg5 c6 6. Be2 O-O 7. h3 Qc7 8. Qd2
b5 9. a3 Nbd7 10. Bh6 e5 11. Bxg7 Kxg7 12. O-O a6 13. Rad1 Bb7 14. dxe5 dxe5
15. Nh4 h6 16. g4 Nc5 17. Qe3 Ne6 18. Ng2 Rad8 19. Rxd8 Rxd8 20. Rd1 c5 21.
Rxd8 Qxd8 22. f3 Qd6 23. Kf2 Ng8 24. Nb1 Ne7 25. c3 Nc8 26. Qd2 Qc7 27. a4 Nd6
28. axb5 axb5 29. Na3 c4 30. Qe3 Nc5 31. Ke1 Na4 32. Qd2 Qc5 33. Kd1 Bc6 34.
Kc1 Qg1+ 35. Ne1 Nb7 36. Nac2 Nac5 37. Qe3 Qg3 38. Bf1 Qh2 39. Qe2 Qf4+ 40. Ne3
Nb3+ 41. Kb1 N7c5 42. N1c2 Na4 43. Bg2 Qg3 44. Qe1 Qf4 45. Ka2 Nac5 46. Nb4 Be8
47. Ned5 Qg5 48. Qe3 Qd8 49. Kb1 Qa5 50. Nc2 Qd8 51. f4 exf4 52. Qxf4 Nd3 53.
Qe3 Qd6 54. Bf1 Bc6 55. Bxd3 cxd3 56. Qxd3 Qe5 57. Nce3 Nc5 58. Qd4 Qxd4 59.
cxd4 Nxe4 60. Kc2 Kf8 61. Kb3 Nf2 62. Kb4 Nd3+ 63. Kc3 Nf2 64. Kb4 Nxh3 65. Kc5
Bxd5 66. Kxd5 Nf4+ 67. Kc6 b4 68. d5 h5 69. gxh5 gxh5 70. Nf5 Ke8 71. d6 Kd8
72. Nh6 Ke8 73. d7+ Ke7 74. Nxf7 Ne6 75. Ne5 b3 76. Ng6+ Kf6 77. Nf4 Nd8+ 78.
Kc7 Nf7 79. Nxh5+ Ke5 80. Ng3 Ng5 81. Ne2 Ke4 82. Nc1 Kd5 83. Nxb3 Kc4 84. Nc1
Ne6+ 85. Kc8 1-0

[Event "Zonal 2.3"]
[Site "Santo Domingo DOM"]
[Date "2007.06.08"]
[Round "11.2"]
[White "Farley, Terry"]
[Black "De los Santos, Eddy"]
[Result "0-1"]
[WhiteElo "2244"]
[BlackElo "2174"]
[PlyCount "100"]
[EventDate "2007.05.30"]
[EventType "tourn"]
[EventRounds "13"]
[EventCountry "DOM"]
[Source "lmi"]
[SourceDate "2007.05.30"]

1. e4 d6 2. d4 Nf6 3. Nc3 g6 4. f4 Bg7 5. Nf3 c5 6. Bb5+ Bd7 7. Bxd7+ Nfxd7 8.
d5 Na6 9. O-O Nc7 10. Qe1 b5 11. Ne2 O-O 12. f5 e6 13. Bg5 Nf6 14. Qh4 exd5 15.
Ng3 h6 16. Bxh6 Nh7 17. Qh3 Bxh6 18. Qxh6 Qf6 19. exd5 gxf5 20. Qh3 Nxd5 21.
Nxf5 Kh8 22. Rae1 Rae8 23. Nd2 Rxe1 24. Rxe1 Rg8 25. Qf3 Nc7 26. Ne4 Qe6 27.
Nfxd6 f6 28. Nf5 Qe5 29. Re2 Ne6 30. g3 Nf4 31. Rf2 Nh3+ 32. Kg2 Nxf2 33. Kxf2
Qxb2 34. Qc3 Qxc3 35. Nxc3 a6 36. h4 Rd8 37. Ne4 Rd5 38. g4 b4 39. Ne3 Re5 40.
Kf3 Kg7 41. Kf4 Nf8 42. Nf5+ Kf7 43. Neg3 Ne6+ 44. Kf3 Nd4+ 45. Nxd4 cxd4 46.
Nf5 Ra5 47. Nxd4 Rxa2 48. Ke4 a5 49. Kd5 Rb2 50. Kc4 a4 0-1

[Event "Zonal 2.3"]
[Site "Santo Domingo DOM"]
[Date "2007.06.08"]
[Round "11.3"]
[White "Gonzalez, Bernal"]
[Black "Vittorino, Carlo"]
[Result "1-0"]
[WhiteElo "2434"]
[BlackElo "2206"]
[PlyCount "129"]
[EventDate "2007.05.30"]
[EventType "tourn"]
[EventRounds "13"]
[EventCountry "DOM"]
[Source "lmi"]
[SourceDate "2007.05.30"]

1. e4 e5 2. Nf3 Nc6 3. d4 exd4 4. Nxd4 Nf6 5. Nxc6 bxc6 6. e5 Qe7 7. Qe2 Nd5 8.
c4 Ba6 9. b3 O-O-O 10. g3 f6 11. e6 dxe6 12. Bh3 Kb8 13. O-O e5 14. Rd1 Nb6 15.
Nc3 Rxd1+ 16. Qxd1 Qe8 17. Be3 Ba3 18. c5 Nd5 19. Nxd5 cxd5 20. Qxd5 Bb7 21.
Qd7 Bc6 22. Qxg7 Rf8 23. Bg2 Bxg2 24. Kxg2 Rf7 25. Qg4 f5 26. Qa4 Qxa4 27. bxa4
f4 28. gxf4 exf4 29. Bd4 Rd7 30. Rd1 Bxc5 31. Rb1+ Bb6 32. Bxb6 cxb6 33. a5 Kb7
34. axb6 axb6 35. Rb4 f3+ 36. Kxf3 Rd3+ 37. Kg2 Ra3 38. Rb2 Kc6 39. f3 b5 40.
Kg3 Ra4 41. f4 h5 42. Rf2 Kd6 43. Kh4 Ke6 44. Kxh5 Kf6 45. Kg4 Ra8 46. Rb2 Rg8+
47. Kf3 Ra8 48. h4 Ra4 49. Kg4 Ra8 50. Rxb5 Rxa2 51. Rb6+ Kg7 52. h5 Ra1 53.
Rg6+ Kf7 54. Rb6 Kg7 55. Kg5 Rg1+ 56. Kf5 Rh1 57. h6+ Kh7 58. Ke5 Re1+ 59. Kf6
Kxh6 60. Kf7+ Kh7 61. Rb2 Rh1 62. f5 Kh6 63. f6 Rf1 64. Rh2+ Kg5 65. Kg7 1-0